| LEADER | 00917nam a2200217 4500 | ||
|---|---|---|---|
| 082 | |a 895.92214 |b L250Đ | ||
| 100 | |a Lê Đình Ty | ||
| 245 | |a Lời hạt |c Lê Đình Ty |b Thơ | ||
| 260 | |a Huế |b Thuận Hóa |c 2003 | ||
| 300 | |a 92tr. |c 19cm | ||
| 520 | |a vv | ||
| 653 | |a Văn học hiện đại | ||
| 653 | |a Thế kỷ 20 | ||
| 653 | |a Thế kỷ 21 | ||
| 653 | |a Việt Nam | ||
| 653 | |a Thơ | ||
| 942 | |2 ddc |c STK0 | ||
| 999 | |c 3846 |d 3846 | ||
| 952 | |0 0 |1 0 |2 ddc |4 0 |6 895_922140000000000_L250Đ |7 1 |8 800 |9 39051 |a qbu |b qbu |c D5 |d 2014-12-17 |g 20000 |o 895.92214 L250Đ |p 3874.C1 |r 0000-00-00 |w 2014-12-17 |y STK0 | ||
| 952 | |0 0 |1 0 |2 ddc |4 0 |6 895_922140000000000_L250Đ |7 0 |8 800 |9 39052 |a qbu |b qbu |c D5 |d 2014-12-17 |g 20000 |o 895.92214 L250Đ |p 3874.C2 |r 0000-00-00 |w 2014-12-17 |y STK0 | ||
| 952 | |0 0 |1 0 |2 ddc |4 0 |6 895_922140000000000_L250Đ |7 0 |8 800 |9 39053 |a qbu |b qbu |c D5 |d 2014-12-17 |g 20000 |o 895.92214 L250Đ |p 3874.C3 |r 0000-00-00 |w 2014-12-17 |y STK0 | ||